Sports Quiz

Random Sports Quiz

Celtic Fc Quality Street Gang Quiz Stats

 Plays Quiz not verified by Sporcle

Support Sporcle.
Go Orange.
Score 0/14 Timer 10:00
0 Plays Today
Position Player % Correct
ForwardKenny Dalglish
95.1%
Right backDanny McGrain
91.8%
MidfieldDavie Hay
76.6%
MidfieldLou Macari
72.3%
MidfieldGeorge Connelly
53.8%
MidfieldVic Davidson
45.1%
MidfieldPaul Wilson
43.5%
Position Player % Correct
DefencePat McCluskey
28.8%
Wing halfDavie Cattenach
27.2%
DefenceJohn Gorman
22.8%
Left backJimmy Quinn
16.3%
MidfieldBilly Murdoch
14.7%
MidfieldPat McMahon
13.6%
WingerBrian McGlaughlin
4.3%

You're not logged in!

Compare scores with friends on all Sporcle quizzes.
OR
Log In

From the Vault

Sci-Fi By Picture

by downfall

You might say that this quiz is out of this world.

You Might Also Like...

Remove Ads.
Support Sporcle.
Get the best of Sporcle when you Go Orange. This ad-free experience offers more features, more stats, and more fun while also helping to support Sporcle. Thank you for becoming a member.

Show Comments

Extras

Top Quizzes Today


Score Distribution

Your Account Isn't Verified!

In order to create a playlist on Sporcle, you need to verify the email address you used during registration. Go to your Sporcle Settings to finish the process.

Report this User

Report this user for behavior that violates our Community Guidelines.

Details: